00751nam a2200229Ia 4500003000400000005001700004008004100021020001800062040000700080041000800087082001900095100002700114245005700141260003800198300001800236365001300254700002800267906006100295942001200356999001900368952013400387OSt20250424150259.0210423s2008 xx 000 0 und d a9788181288172 cAL aeng a531 223bGREC aWalter Greiner9208768 aClassical mechanics: point particles and relativity. aNew DelhibSpringer Pvt Ltdc2008 axviii,488bPB b895cINR aBromley Allan D9208769 aClassical ; mechanics: ; particles ; point ; relativity. 2ddccBK c162310d162310 00102ddc40708PHYaSACPGbSACPGd2013-06-22eAthulya Booksg895.00l0o531 GRECpPG008803r2022-08-24 00:00:00w2021-04-26yBK